MDQL
is popping MORE tags! Check the
thread
!
Quizzes
Events
Quiz Creation
Community
Videos
Private Events
Remove Ads
Sign In
Join for FREE
Feedback
Dark Mode
Quiz Categories
Sports
Geography
Music
Movies
Television
Just For Fun
Miscellaneous
History
Literature
Language
Science
Gaming
Entertainment
Religion
Holiday
For Kids
Quiz Lab
Recent
Popular Today
Quiz Kudos Today
Editor Picks
Curator Picks
Quizzes by...
Day
Popularity
Type
Ratings
Length
Year
Community
Subscriptions
Recent Discussions
Orange Saloon
Badges
Playlists
Quests
Create
Leaderboards
Showdown
Live 5
Trivia Bingo
Activity
Puzzle Library
Sporcle Events
Private Events
Virtual Trivia
Globe League
Become a Host
Pub Owners
SporcleCon
Opinionation
Our Games
Videos
Blog
Mobile Apps
Partnerships
Remove Ads and Go Orange
Feedback
History
US Presidents
World Leaders
Politics
Nation
Discovery
War
Decade
Year
Century
Biography
Art
History
US Presidents
World Leaders
Politics
Nation
Discovery
War
Decade
Year
Century
Biography
Art
Random Quiz
Search Sporcle
×
Quiz Lab
Quiz Lab
History
US Presidents
Select answers by clicking on text or image buttons
Select answers by clicking on text or image buttons
Clickable
Best Score? Go Orange.
US Presidents cause of death Stats
Can you name the US Presidents cause of death?
By
JamesKnoxPolk11
12m
38 Questions
86 Plays
86 Plays
86 Plays
Comments
Comments
Give Quiz Kudos
Give Quiz Kudos
-
- Ratings
hide this ad
Forced Order
Answers have to be entered in order
Answers have to be entered in order
Random Order
Randomize order of answers
Randomize order of answers
Replay
Link that replays current quiz
Next Quiz
Link to next quiz in quiz playlist
You Got
0%
They Got
Avg Score
33%
Avg Friend Score
Upgrade to see
Score Distribution
Jump to the score distribution portion of the page
Score
0/38
Timer
12:00
0
Plays Today
% Correct
Assassination
76.7%
Gunshot wound
72.1%
Vascular Parkinsonism
51.8%
Cancer
50%
Gangrene
50%
Stroke
44.2%
Heart attack
43%
Septic shock
41.9%
Pneumonia
39.5%
Cholera
39.5%
Stroke
39.5%
Pneumonia
39.5%
Epiglottis
38.4%
Stroke
37.2%
Gastroenteritis
37.2%
Old age
36%
Pneumonia
36%
Tuberculosis
33.7%
Stroke
33.7%
% Correct
Asthma
33.7%
Stroke
33.7%
Inflammation of the stomach
33.7%
Heart attack
30.2%
Dropsy
26.7%
Rheumatic gout
26.7%
Stroke
26.7%
Heart failure
23.3%
Blood Clot
22.1%
Arteriosclerotic
22.1%
Heart failure
20.9%
Bleeding in brain
20.9%
Heart failure
20.9%
Heart disease
19.8%
Broken Blood vessels
19.8%
Heart disease
16.3%
Apoplexy
15.1%
Lung failure
12.8%
Paralysis
11.6%
Quiz Playlist
Details
Report
Send in Message
Add To Playlist
Clickable:
Select answers by clicking on text or image buttons
Forced Order:
Answers have to be entered in order
Random Order:
Randomize order of answers
Last Updated: Jul 6, 2019
Quiz Scoreboard
CHALLENGE
Sign Up to Join the Scoreboard
Show All
Scores
Hide
Comments
May contain spoilers
Recently Published
Image Sorting: Flags VI
by Barbecue
Geography
2m
Find the 'City' Movie
by crazypaving
Movies
60s
Colored Red Africa Blitz
by spor1
Geography
45s
More to Explore
Quiz From the Vault
Featured Blog Post
14 Easter Pick-up Lines to Find Eggs With
hide this ad
You Might Also Like...
Tags
US Presidents Quiz
death
Death Scenes
Notable Deaths
President
Republican Presidents
Virginian Presidents
Whig Presidents
Today's Top Quizzes in History
Browse History
hide this ad
Today's Top Quizzes in US Presidents
Browse US Presidents
Top Contributed Quizzes in History
1
I Am Born On March 29th
2
Order Up: 1000 Years of World Events I
3
Popular People in 1951
4
US National Parks Named After People
5
Popular People in 1991
6
Popular People in 1941
7
Popular People in 1981
8
Popular People in 1921
9
Popular People in 1986
10
Popular People in 1976
Explore More
Trending Topics
Marvel
Harry Potter
Anime
Crossword
Disney
Kpop
NBA
NFL
Pokémon
The Office
Song
Soccer
Puzzle
Country
WWE
hide this ad
More By:
JamesKnoxPolk11
Quiz
Plays
Rating
Category
Featured
Created
Odd Squad agents
468
4.00
Television
Jul 7, 2018
People on U.S. Money (last name only)
360
5.00
History
Feb 22, 2018
Earthbound
171
2.33
Gaming
Dec 22, 2019
Odd Squad Agent Match Up
159
5.00
Television
Jun 9, 2020
Mario Odyssey Kingdom By Fact
97
5.00
Gaming
Dec 19, 2021
Go to Creator's Profile
Score Distribution
Quiz Creator Spotlight
JamesKnoxPolk11
Follow
Send a Message
Quizzes Created
-
Created Quiz Play Count
-
More By This Creator
Popular Quizzes Today
1
Colored Red Africa Blitz
2
Find the US States - No Outlines Minefield
3
Find the 'City' Movie
4
5x2 Blitz: Bands
5
The Countries of the World
6
Find the US States
7
Find the Countries of Europe - No Outlines Minefield
8
US States
More History Quizzes
Let's Conquer the World Together!
Published
Trending Quizzes
Colored Red Europe Blitz I
Colored Red Europe Blitz II
Colored Red Africa Blitz II
Colored Red Europe Blitz III
Colored Red Africa Blitz III
Recently Updated
How Do You Spell That?
pecheneg
Godzilla Movies
pecheneg
Grab Bag: 4-10 Letters
pecheneg
2024 March Madness Bracket
pecheneg
Famous TV Couples
Peacemaker
Champions League XIs: Real Madrid
pecheneg
Largest US Cities 1790-2010
pecheneg
Rides in Walt Disney World
pecheneg
Most Oscar Losses (Acting)
pecheneg
Beyoncé Albums
pecheneg
Trending Topics
Harry Potter
Marvel
Anime
NBA
Disney
Kpop
Crossword
WWE
The Office
Puzzle
Soccer
Pokémon
Song
NFL
Country
Your Account Isn't Verified!
In order to create a playlist on Sporcle, you need to verify the email address you used during registration. Go to your
Sporcle Settings
to finish the process.
Report this User
Report this user for behavior that violates our
Community Guidelines
.
Details:
Send Report
Go to the Sporcle.com Mobile Site →
Comments